MLB Bases on Balls Yearly Leaders - Statistics

General Stats
  • This quiz has been taken 10 times
  • The average score is 26 of 118
Answer Stats
Year Player % Correct
2025 Aaron Judge
100%
1992 Barry Bonds
100%
1920 Babe Ruth
90%
2021 Juan Soto
80%
1955 Mickey Mantle
80%
1982 Rickey Henderson
80%
1941 Ted Williams
80%
1997 Jim Thome
70%
1935 Lou Gehrig
70%
1971 Willie Mays
70%
2018 Bryce Harper
60%
1991 Frank Thomas
60%
1926 Hack Wilson
60%
1990 Mark McGwire
60%
2013 Mike Trout
60%
2010 Prince Fielder
60%
1903 Roy Thomas
60%
2006 David Ortiz
50%
1979 Mike Schmidt
50%
1924 Rogers Hornsby
50%
2009 Adrián González
40%
1963 Carl Yastrzemski
40%
1956 Duke Snider
40%
1970 Frank Howard
40%
1938 (Tied) Hank Greenberg
40%
2000 Jason Giambi
40%
1999 Jeff Bagwell
40%
1934 Jimmie Foxx
40%
2024 Kyle Schwarber
40%
1953 Stan Musial
40%
2012 Adam Dunn
30%
1934 Arky Vaughan
30%
1991 Brett Butler
30%
1984 Eddie Murray
30%
1909 Fred Clarke
30%
1987 Jack Clark
30%
1965 Joe Morgan
30%
2011 José Bautista
30%
1929 Mel Ott
30%
2016 Paul Goldschmidt
30%
1988 Will Clark
30%
1970 Willie McCovey
30%
2019 Alex Bregman
20%
1985 Dale Murphy
20%
2004 Eric Chavez
20%
1966 Harmon Killebrew
20%
2017 Joey Votto
20%
1986 Keith Hernandez
20%
2014 Matt Carpenter
20%
1949 Ralph Kiner
20%
1964 Ron Santo
20%
1986 Wade Boggs
20%
1922 Whitey Witt
20%
2005 Brian Giles
10%
2014 Carlos Santana
10%
1940 Charlie Keller
10%
1973 Darrell Evans
10%
1972 (Tied) Dick Allen
10%
1981 Dwight Evans
10%
1915 Eddie Collins
10%
1955 Eddie Mathews
10%
1945 Eddie Stanky
10%
1950 Eddie Yost
10%
1984 Gary Matthews
10%
1978 Jeff Burroughs
10%
1959 Jim Gilliam
10%
2021 Joey Gallo
10%
2023 J.P. Crawford
10%
1993 Lenny Dykstra
10%
1992 (Tied) Mickey Tettleton
10%
1944 Nick Etten
10%
1947 (Tied) Pee Wee Reese
10%
1918 Ray Chapman
10%
1954 Richie Ashburn
10%
1972 (Tied) Roy White
10%
1980 Willie Randolph
10%
1943 Augie Galan
0%
1913 Bob Bescher
0%
1948 Bob Elliott
0%
1987 (Tied) Brian Downing
0%
1913 Burt Shotton
0%
2009 Chone Figgins
0%
1980 (Tied) Dan Driessen
0%
2012 (Tied) Dan Uggla
0%
2010 Daric Barton
0%
1979 Darrell Porter
0%
1938 Dolph Camilli
0%
1909 Donie Bush
0%
1940 Elbie Fletcher
0%
1915 Gavy Cravath
0%
1974 | 1977 Gene Tenace
0%
1917 George Burns
0%
1939 Harlond Clift
0%
1916 Heinie Groh
0%
2008 Jack Cust
0%
1925 Jack Fournier
0%
1917 Jack Graney
0%
1903 Jimmy Barrett
0%
1911 Jimmy Sheckard
0%
1969 | 1976 Jim Wynn
0%
1973 John Mayberry
0%
1925 (Tied) Johnny Mostil
0%
1957 (Tied) Johnny Temple
0%
1929 Max Bishop
0%
1918 Max Carey
0%
1976 Mike Hargrove
0%
1905 Miller Huggins
0%
1964 Norm Siebern
0%
2019 Rhys Hoskins
0%
1965 Rocky Colavito
0%
1908 Roger Bresnahan
0%
1945 Roy Cullenbine
0%
1977 Toby Harrah
0%
1993 Tony Phillips
0%
1905 Topsy Hartsel
0%
1925 (Tied) Willie Kamm
0%
No matching quizzes found
Score Distribution
Percent of People with Each Score
Percentile by Number Answered
Your Score History
You have not taken this quiz